000 00762nas a2200241 454500
001 34262
005 20260407193509.0
008 260407s1978####ag###########|||spa#d
003 AR-UNSa-BCEJYS
040 _aAR-UNSa-BCEJYS
_bspa
_cAR-UNSa-BCEJYS
080 _a336.71
_xBancos. Sistema bancario
245 1 0 _aMemoria
264 1 _aBuenos Aires :
_bABAPRA
_c1978
310 _aFrecuencia: Anual
041 _aspa
942 _cSER
590 _aniveau_biblio:s niveau_hierar:1
100 1 _aAsociación de Bancos de Provincia de la República Argentina (ABAPRA)
650 _aBANCOS
650 _aFINANCIAMIENTO
650 _aOPERACIONES BANCARIAS
856 4 1 _uhttps://biblioeco.unsa.edu.ar/pmb/images/revistas/memoria78_79.jpg
_yImagen de portada
_qimage/jpeg
999 _c8748
_d8748